|
|
|
|
| LEADER |
00000naa2a2200000 4500 |
| 001 |
210759 |
| 005 |
20231031192209.0 |
| 035 |
|
|
|a (RuTPU)RU\TPU\book\230199
|
| 090 |
|
|
|a 210759
|
| 100 |
|
|
|a 20120302d2004 k y0rusy50 ca
|
| 101 |
0 |
|
|a rus
|
| 102 |
|
|
|a RU
|
| 200 |
1 |
|
|a Структурные условия локализации оруденения месторождения Бадран
|f Ю. С. Филиппова
|g науч. рук. М. Р. Фарбер
|
| 463 |
|
0 |
|0 (RuTPU)RU\TPU\book\77451
|y 5-89503-079-3
|t Проблемы геологии и освоения недр
|o труды Восьмого Международного симпозиума имени ак. М. А. Усова студентов и молодых ученых, посвященного 400-летию г. Томска, 5-9 апреля 2004 г., Томск
|f Администрация г. Томска; Томский политехнический университет
|d 2004
|p 913 с.
|
| 610 |
1 |
|
|a месторождения
|
| 610 |
1 |
|
|a Бадран
|
| 610 |
1 |
|
|a оруденение
|
| 610 |
1 |
|
|a структура
|
| 610 |
1 |
|
|a труды учёных ТПУ
|
| 700 |
|
1 |
|a Филиппова
|b Ю. С.
|
| 702 |
|
1 |
|a Фарбер
|b М. Р.
|4 727
|
| 801 |
|
1 |
|a RU
|b 63413507
|c 20120302
|
| 942 |
|
|
|c BK
|